Mobile for good : (Record no. 88116)

MARC details
000 -LEADER
fixed length control field 00818nam a22002537a 4500
005 - DATE AND TIME OF LATEST TRANSACTION
control field 20140902104451.0
010 ## - LCCN (DPL NO)
LC control number ENG-110686
020 ## - INTERNATIONAL STANDARD BOOK NUMBER
International Standard Book Number 9789339213077
Terms of availability 475.00
020 ## - INTERNATIONAL STANDARD BOOK NUMBER
International Standard Book Number 9339213076
Terms of availability 475.00
035 ## - SYSTEM CONTROL NUMBER
System control number EN-94218
037 ## - SOURCE OF ACQUISITION
Source of stock number/acquisition DBAD/PUB
082 ## - DEWEY DECIMAL CLASSIFICATION NUMBER
Classification number 658.15224
100 ## - MAIN ENTRY--PERSONAL NAME
Personal name Mansfield, Heather
245 ## - TITLE STATEMENT
Title Mobile for good :
Statement of responsibility, etc by Heather Mansfield
Remainder of title a how-to fundraising guide for nonprofits /
260 ## - PUBLICATION, DISTRIBUTION, ETC. (IMPRINT)
Place of publication, distribution, etc New Delhi
Name of publisher, distributor, etc McGraw Hill Education
Date of publication, distribution, etc 2014
270 ## - ADDRESS
Address P-24, Green Park Extn.
City New Delhi
Postal code 110016
300 ## - PHYSICAL DESCRIPTION
Extent ix,244p.
Dimensions 23cm(pbk)
500 ## - GENERAL NOTE
General note Includes index
650 ## - SUBJECT ADDED ENTRY--TOPICAL TERM
Topical term or geographic name as entry element Nonprofit organizations
General subdivision Marketing.
650 ## - SUBJECT ADDED ENTRY--TOPICAL TERM
Topical term or geographic name as entry element Nonprofit organizations
General subdivision Internet marketing.
650 ## - SUBJECT ADDED ENTRY--TOPICAL TERM
Topical term or geographic name as entry element Fund raising.
650 ## - SUBJECT ADDED ENTRY--TOPICAL TERM
Topical term or geographic name as entry element Social marketing.
942 ## - ADDED ENTRY ELEMENTS (KOHA)
Source of classification or shelving scheme Dewey Decimal Classification
Item type English Books
Call number suffix MAN
Classification part 658.15224
Holdings
Withdrawn status Lost status Not for loan Collection code Home library Current library Date acquired Source of acquisition Cost, normal purchase price Full call number Barcode Copy number Cost, replacement price Koha item type
    Not For Loan Non-fiction D.B.Act.Division D.B.Act.Division 29/08/2014 DBAD/PUB 475.00 658.15224 MAN EN-94218 1 475.00 English Books

© Delhi Public Library
Hit Counter
free hit counter